000
00227 a2200097 4500
001
35248
100
_a
Rinearson P
245
_a
Microsoft Word Style Sheets
260
_a
Washington
_b
Microsoft Press
_c
090
_c
23359
_d
23359
942
_a
NUST-CAE
_c
M
_c
14846
999
_c
270321
_d
270321